Petrografia / (Record no. 7691)

000 -CABECERA
fixed length control field 00880nam a22002297a 4500
003 - IDENTIFICADOR DEL NÚMERO DE CONTROL
control field AR-CdUCM
008 - DATOS DE LONGITUD FIJA--INFORMACIÓN GENERAL
fixed length control field 190321b ||||| |||| 00| 0 spa d
040 ## - FUENTE DE LA CATALOGACIÓN
Agencia/entidad que catalogó originalmente la obra MUNICIPALIDAD PROVINCIAL DEL CUSCO
Entidad que transcribió la catalogación BIBLIOTECA MUNICIPAL DEL CUSCO
082 ## - NÚMERO DE LA CLASIFICACIÓN DECIMAL DEWEY
No. de Clasificación 552 /
Notacion interna B85
100 ## - ENTRADA PRINCIPAL--NOMBRE DE PERSONA
Nombre Personal Bruhns ,W.
245 ## - MENCIÓN DE TÍTULO
Título Petrografia /
260 ## - PUBLICACIÓN, DISTRIBUCIÓN, ETC.
Lugar de publicación, distribución, etc. México :
Nombre de la editorial, distribuidor, etc. Union Tipografica Editorial Hispano Americana ,
Fecha de publicación, distribución, etc. 1964.
300 ## - DESCRIPCIÓN FÍSICA
Nº de Páginas Extensión 125 páginas ;
Dimensiones 17.5 cm.
440 ## - MENCIÓN DE SERIE/PUNTO DE ACCESO ADICIONAL--TÍTULO
Título Manuales UTEHA
Número de la parte/sección de una obra 120
9 (RLIN) 21713
505 ## - NOTA DE CONTENIDO CON FORMATO
Nota de contenido formateada Contenido : Métodos de ensayo Petrografico -- Conponentes de Rocas -- Las rocas magmaticas -- Descripcion de las rocas eruptivas mas importantes -- Rocas sedimentarias -- Pizarras Cristalinas...
650 ## - PUNTO DE ACCESO ADICIONAL DE MATERIA--TÉRMINO DE MATERIA
Descriptor Petrografia
9 (RLIN) 21714
650 ## - PUNTO DE ACCESO ADICIONAL DE MATERIA--TÉRMINO DE MATERIA
Descriptor Geomorfologia
9 (RLIN) 6691
650 ## - PUNTO DE ACCESO ADICIONAL DE MATERIA--TÉRMINO DE MATERIA
Descriptor Morfologia de la Tierra
9 (RLIN) 21715
700 ## - PUNTO DE ACCESO ADICIONAL--NOMBRE DE PERSONA
Nombre Personal Ramdohr, P.
9 (RLIN) 21716
942 ## - ELEMENTOS DE PUNTO DE ACCESO ADICIONAL (KOHA)
Fuente de clasificación
Tipo de item Libros-BMC
945 ## - PROCESAMIENTO DE INFORMACIÓN LOCAL (OCLC)
Catalogador rtm
Holdings
Estado de retiro (separado) Fuente de clasificación o esquema de estanterías Estado dañado Ubicación Sala donde se ubica Nombre de la colección Fecha de adquisición o compra Costo, precio normal en soles Signatura topográfica Código de Barras Última vez visto (Koha) Tipo de ítem (Koha)
No     Sala Ciencias Sala Ciencias Book Cart 2019-03-21 20.00 552 / B85 SC0000000731 2019-03-21 Libros-BMC

Powered by Koha